[Event "EU-ch (Men) 11th"]
[Site "Rijeka"]
[Date "2010.03.08"]
[Round "3.85"]
[White "Bodiroga, Predrag"]
[Black "Balogh, Csaba"]
[Result "1/2-1/2"]
[WhiteElo "2422"]
[BlackElo "2622"]
[PlyCount "107"]
[EventDate "2010.03.06"]
[EventType "swiss"]
[EventRounds "11"]
[EventCountry "CRO"]
[SourceDate "2010.03.06"]

1. d4 d5 2. Bf4 Nf6 3. e3 g6 4. Nf3 Bg7 5. Be2 O-O 6. O-O c5 7. c3 Nc6 8. h3 b6
9. Nbd2 Bb7 10. a4 Nd7 11. Qb3 e6 12. Rad1 Rc8 13. Rfe1 Qe7 14. Qa2 f5 15. Bb5
h6 16. Bh2 g5 17. c4 g4 18. Bxc6 Bxc6 19. hxg4 fxg4 20. Ne5 Nxe5 21. dxe5 Kh8
22. a5 Qc7 23. axb6 axb6 24. cxd5 exd5 25. e4 Bxe5 26. Bxe5+ Qxe5 27. Nf1 dxe4
28. b4 Rf6 29. bxc5 bxc5 30. Qa5 Ra8 31. Rd8+ Rxd8 32. Qxd8+ Kh7 33. Ng3 Qd4
34. Qe7+ Kg6 35. Re3 h5 36. Ne2 Qd6 37. Qxd6 Rxd6 38. Rc3 Bb5 39. Nf4+ Kf5 40.
Rxc5+ Kxf4 41. g3+ Kf3 42. Rf5+ Ke2 43. Rxb5 e3 44. Re5 Rd3 45. Kg2 Kd2 46.
fxe3 Rxe3 47. Rxh5 Re2+ 48. Kf1 Re3 49. Rg5 Rxg3 50. Kf2 Rf3+ 51. Kg2 Rf4 52.
Kg3 Rd4 53. Rxg4 Rxg4+ 54. Kxg4 1/2-1/2

[Event "EU-ch (Men) 11th"]
[Site "Rijeka"]
[Date "2010.03.08"]
[Round "3.86"]
[White "Jakovljevic, Vlado"]
[Black "Markus, Robert"]
[Result "0-1"]
[WhiteElo "2412"]
[BlackElo "2618"]
[PlyCount "80"]
[EventDate "2010.03.06"]
[EventType "swiss"]
[EventRounds "11"]
[EventCountry "CRO"]
[SourceDate "2010.03.06"]

1. Nf3 Nf6 2. c4 g6 3. g3 Bg7 4. Bg2 O-O 5. O-O d6 6. d4 Nbd7 7. Nc3 e5 8. e4
c6 9. h3 Qb6 10. dxe5 dxe5 11. Qe2 Qc5 12. a3 Qe7 13. b4 Ne8 14. Rb1 Nc7 15.
Qc2 Ne6 16. Ne2 b6 17. Be3 Bb7 18. Rfc1 Rfd8 19. Ne1 Qf8 20. Rd1 Bh6 21. Qc1
Bxe3 22. Qxe3 c5 23. Nd3 Rac8 24. b5 Nd4 25. h4 Qe7 26. Bh3 Ra8 27. Nc3 Nf6 28.
Nd5 Bxd5 29. exd5 Re8 30. Rb2 a6 31. bxa6 Rxa6 32. Ne1 Rea8 33. Rd3 Ne8 34. f4
e4 35. Rc3 Nd6 36. Nc2 Qf6 37. Ne1 Kg7 38. Kg2 N4f5 39. Bxf5 Nxf5 40. Qc1 Rxa3
0-1

[Event "EU-ch (Men) 11th"]
[Site "Rijeka"]
[Date "2010.03.08"]
[Round "3.87"]
[White "Hracek, Zbynek"]
[Black "Reutsky, Sergei"]
[Result "1-0"]
[WhiteElo "2615"]
[BlackElo "2404"]
[PlyCount "97"]
[EventDate "2010.03.06"]
[EventType "swiss"]
[EventRounds "11"]
[EventCountry "CRO"]
[SourceDate "2010.03.06"]

1. c4 e6 2. d4 d5 3. Nc3 c5 4. cxd5 exd5 5. Nf3 Nc6 6. g3 Nf6 7. Bg2 Be7 8. O-O
O-O 9. Bg5 cxd4 10. Nxd4 h6 11. Bf4 Bg4 12. h3 Bh5 13. Nf5 Qd7 14. Nxe7+ Nxe7
15. g4 Bg6 16. Qa4 Rfd8 17. Qxd7 Rxd7 18. Nb5 h5 19. g5 Ne4 20. Rac1 h4 21.
Rfd1 a6 22. Nd4 Nf5 23. Nxf5 Bxf5 24. f3 Ng3 25. Bxg3 hxg3 26. Bf1 Kh7 27. Kg2
Kg6 28. h4 f6 29. gxf6 gxf6 30. Rd4 Rg8 31. Kxg3 Kh5+ 32. Kf2 Be6 33. Rc5 Kh6
34. a4 f5 35. Bh3 Rg6 36. Rb4 Rdg7 37. a5 Kh5 38. Rf4 Rf7 39. Rc3 Kh6 40. Rb3
Kg7 41. Rb6 Bc8 42. Rxg6+ Kxg6 43. Rd4 Be6 44. Rb4 Kf6 45. Rb6 d4 46. f4 Rd7
47. Bg2 d3 48. exd3 Rxd3 49. Bxb7 1-0

[Event "EU-ch (Men) 11th"]
[Site "Rijeka"]
[Date "2010.03.08"]
[Round "3.88"]
[White "Volkov, Sergey"]
[Black "Nedilko, Vasily"]
[Result "1-0"]
[WhiteElo "2612"]
[BlackElo "2400"]
[PlyCount "47"]
[EventDate "2010.03.06"]
[EventType "swiss"]
[EventRounds "11"]
[EventCountry "CRO"]
[SourceDate "2010.03.06"]

1. d4 Nf6 2. c4 g6 3. Nc3 d5 4. Nf3 Bg7 5. Qb3 dxc4 6. Qxc4 O-O 7. e4 Na6 8.
Be2 c5 9. d5 e6 10. O-O exd5 11. exd5 Bf5 12. Rd1 Re8 13. d6 h6 14. Be3 Ne4 15.
Qb3 Nxc3 16. bxc3 Be4 17. Bb5 Re6 18. Nd2 Bf5 19. Nc4 Rb8 20. Rac1 g5 21. Qa3
Rc8 22. Qa4 Rg6 23. Rd2 h5 24. Na5 1-0

[Event "EU-ch (Men) 11th"]
[Site "Rijeka"]
[Date "2010.03.08"]
[Round "3.89"]
[White "Petre, Nad Titus"]
[Black "Andriasian, Zaven"]
[Result "1/2-1/2"]
[WhiteElo "2410"]
[BlackElo "2609"]
[PlyCount "97"]
[EventDate "2010.03.06"]
[EventType "swiss"]
[EventRounds "11"]
[EventCountry "CRO"]
[SourceDate "2010.03.06"]

1. e4 c5 2. c3 e6 3. Nf3 d5 4. e5 Nc6 5. Bb5 Bd7 6. Qe2 Qb6 7. Bxc6 Bxc6 8. d3
Ne7 9. Nbd2 Ng6 10. g3 Be7 11. h4 h5 12. b3 a5 13. Ba3 Qa6 14. O-O Nf8 15. c4
Nd7 16. cxd5 Bxd5 17. Ne4 b6 18. Rfe1 a4 19. Nc3 Qb7 20. Nxd5 Qxd5 21. Qe4 Qxe4
22. dxe4 axb3 23. axb3 O-O-O 24. Bb2 Nb8 25. Red1 Kb7 26. Kf1 Nc6 27. Bc3 b5
28. Rxd8 Rxd8 29. Ke2 Kb6 30. Nd2 f6 31. exf6 Bxf6 32. Bxf6 gxf6 33. Ra2 Na5
34. Rb2 Rd4 35. f3 f5 36. Rb1 Rd8 37. b4 cxb4 38. Rxb4 Nc6 39. Rb2 Rg8 40. exf5
exf5 41. Ke3 Rxg3 42. Kf4 Rg1 43. Kxf5 b4 44. f4 Kb5 45. Nf3 Rg8 46. Ne5 Rf8+
47. Kg5 Nd4 48. Kxh5 Ne6 49. Nd3 1/2-1/2

[Event "EU-ch (Men) 11th"]
[Site "Rijeka"]
[Date "2010.03.08"]
[Round "3.90"]
[White "Kozul, Zdenko"]
[Black "Plat, Vojtech"]
[Result "1-0"]
[WhiteElo "2602"]
[BlackElo "2395"]
[PlyCount "49"]
[EventDate "2010.03.06"]
[EventType "swiss"]
[EventRounds "11"]
[EventCountry "CRO"]
[SourceDate "2010.03.06"]

1. d4 Nf6 2. Nf3 g6 3. c4 Bg7 4. Nc3 d5 5. Qb3 dxc4 6. Qxc4 O-O 7. e4 c6 8. Be2
Nbd7 9. O-O Nb6 10. Qc5 Bg4 11. Rd1 Qc7 12. a4 Rad8 13. Be3 Rfe8 14. a5 Nbd7
15. Qc4 h6 16. h3 Bxf3 17. Bxf3 e5 18. d5 c5 19. b4 Bf8 20. d6 Qc6 21. bxc5 b6
22. Nb5 Nxc5 23. Nxa7 Qd7 24. axb6 Nb7 25. Nb5 1-0

[Event "EU-ch (Men) 11th"]
[Site "Rijeka"]
[Date "2010.03.08"]
[Round "3.91"]
[White "Martic, Zlatko"]
[Black "Sjugirov, Sanan"]
[Result "0-1"]
[WhiteElo "2404"]
[BlackElo "2602"]
[PlyCount "54"]
[EventDate "2010.03.06"]
[EventType "swiss"]
[EventRounds "11"]
[EventCountry "CRO"]
[SourceDate "2010.03.06"]

1. d4 d5 2. c4 e6 3. Nc3 c6 4. Nf3 Nf6 5. Bg5 dxc4 6. e4 b5 7. e5 h6 8. Bh4 g5
9. exf6 gxh4 10. Ne5 Qxf6 11. a4 a6 12. axb5 cxb5 13. Nxb5 axb5 14. Rxa8 Bb4+
15. Ke2 Bd6 16. Ng4 Qf4 17. Ne3 Bb7 18. Ra7 Nc6 19. Rxb7 Nxd4+ 20. Qxd4 Qxd4
21. Rxb5 O-O 22. g3 Rb8 23. Rxb8+ Bxb8 24. Kf3 Qxb2 25. Rg1 Qb7+ 26. Kg4 hxg3
27. hxg3 Ba7 0-1

[Event "EU-ch (Men) 11th"]
[Site "Rijeka"]
[Date "2010.03.08"]
[Round "3.92"]
[White "Buhmann, Rainer"]
[Black "Golubovic, Boris"]
[Result "1/2-1/2"]
[WhiteElo "2587"]
[BlackElo "2392"]
[PlyCount "112"]
[EventDate "2010.03.06"]
[EventType "swiss"]
[EventRounds "11"]
[EventCountry "CRO"]
[SourceDate "2010.03.06"]

1. Nf3 Nf6 2. c4 e6 3. g3 d5 4. d4 dxc4 5. Bg2 Bb4+ 6. Bd2 a5 7. Qc2 Bxd2+ 8.
Qxd2 c6 9. a4 b5 10. axb5 cxb5 11. Qg5 O-O 12. Qxb5 Ba6 13. Qxa5 Bb7 14. Qxd8
Rxa1 15. Qxf8+ Kxf8 16. O-O Ra2 17. Ne5 Ba6 18. Rc1 Rxb2 19. Nc3 Nfd7 20. f4
Nxe5 21. fxe5 f6 22. exf6 gxf6 23. Kf2 Ke7 24. Na4 Rb4 25. Nc3 Rb2 26. g4 h6
27. Be4 Nd7 28. Ra1 Rb3 29. Rxa6 Rxc3 30. Rc6 Rc1 31. Ke3 Rc3+ 32. Kf2 Rc1 33.
h4 Nb8 34. Rc7+ Kd6 35. Rc8 Nd7 36. Ke3 c3 37. h5 Rg1 38. Bf3 Rc1 39. Rc6+ Ke7
40. Kd3 Rd1+ 41. Ke3 Rc1 42. Be4 Rg1 43. Rxc3 Rxg4 44. Rc7 Rh4 45. Ra7 Kd6 46.
Ra6+ Ke7 47. Ra7 Kd6 48. Ra6+ Ke7 49. Bc6 e5 50. Bxd7 exd4+ 51. Kd3 Kxd7 52.
Rxf6 Rxh5 53. Kxd4 Ke7 54. Ra6 Kd7 55. e4 Ke7 56. e5 Rh1 1/2-1/2

[Event "EU-ch (Men) 11th"]
[Site "Rijeka"]
[Date "2010.03.08"]
[Round "3.93"]
[White "Berkovich, Mark A"]
[Black "Nevednichy, Vladislav"]
[Result "0-1"]
[WhiteElo "2401"]
[BlackElo "2572"]
[PlyCount "70"]
[EventDate "2010.03.06"]
[EventType "swiss"]
[EventRounds "11"]
[EventCountry "CRO"]
[SourceDate "2010.03.06"]

1. e4 c5 2. Nf3 d6 3. Bb5+ Nd7 4. d4 Ngf6 5. O-O a6 6. Bxd7+ Nxd7 7. Bg5 h6 8.
Bh4 g5 9. Bg3 cxd4 10. Nxd4 e5 11. Nf5 Nf6 12. Qd3 Bxf5 13. exf5 Qb6 14. Nc3
Rc8 15. Ne4 Nxe4 16. Qxe4 Qc6 17. Qe3 Be7 18. c4 g4 19. c5 Qxc5 20. Rac1 Qxe3
21. Rxc8+ Kd7 22. Rxh8 Qg5 23. Rb8 Kc7 24. Re8 h5 25. f4 gxf3 26. Rxf3 Kd7 27.
Rh8 Qc1+ 28. Rf1 Qxb2 29. Rxh5 Qxa2 30. Rh8 Qb3 31. Rh7 a5 32. Be1 Qc4 33. Rf3
Qd4+ 34. Rf2 b5 35. Kf1 b4 0-1

[Event "EU-ch (Men) 11th"]
[Site "Rijeka"]
[Date "2010.03.08"]
[Round "3.94"]
[White "Kargin, Arseny"]
[Black "Sulskis, Sarunas"]
[Result "1/2-1/2"]
[WhiteElo "2400"]
[BlackElo "2572"]
[PlyCount "113"]
[EventDate "2010.03.06"]
[EventType "swiss"]
[EventRounds "11"]
[EventCountry "CRO"]
[SourceDate "2010.03.06"]

1. e4 e5 2. Nf3 Nc6 3. Bb5 a6 4. Ba4 Nf6 5. O-O b5 6. Bb3 Bc5 7. c3 d6 8. a4
Bg4 9. d3 Rb8 10. Qe2 Na5 11. Bd1 b4 12. Nbd2 bxc3 13. bxc3 O-O 14. h3 Bh5 15.
Re1 Re8 16. g4 Bg6 17. Ra2 d5 18. Bc2 h5 19. Nh2 Qd7 20. Ndf1 dxe4 21. dxe4 Qe6
22. Rb2 Rxb2 23. Bxb2 hxg4 24. hxg4 Qa2 25. Bc1 Nd5 26. exd5 Qxc2 27. Qxc2 Bxc2
28. Be3 Ba3 29. Nf3 Nc4 30. N3d2 Nxd2 31. Bxd2 Bb3 32. Ne3 Bc5 33. c4 Bxe3 34.
Rxe3 Bxc4 35. Ba5 Bxd5 36. Bxc7 f6 37. Rd3 Rc8 38. Rxd5 Rxc7 39. g5 Rc4 40.
gxf6 gxf6 41. Rd6 Rxa4 42. Rxf6 Kg7 43. Re6 Ra5 44. Kf1 Kf7 45. Rh6 Ra1+ 46.
Ke2 a5 47. Ra6 Ra3 48. Kd2 Ke7 49. Kc2 a4 50. Kb2 Rb3+ 51. Ka2 Rf3 52. Rxa4
Rxf2+ 53. Kb3 Rd2 54. Kc3 Rd5 55. Ra2 Ke6 56. Rd2 Rxd2 57. Kxd2 1/2-1/2

[Event "EU-ch (Men) 11th"]
[Site "Rijeka"]
[Date "2010.03.08"]
[Round "3.95"]
[White "Ruck, Robert"]
[Black "Zaslavsky, Michael"]
[Result "1/2-1/2"]
[WhiteElo "2570"]
[BlackElo "2391"]
[PlyCount "142"]
[EventDate "2010.03.06"]
[EventType "swiss"]
[EventRounds "11"]
[EventCountry "CRO"]
[SourceDate "2010.03.06"]

1. d4 Nf6 2. c4 g6 3. Nf3 Bg7 4. g3 d5 5. cxd5 Nxd5 6. Bg2 O-O 7. O-O Nb6 8.
Nc3 Nc6 9. d5 Na5 10. Qc2 Nxd5 11. Rd1 c6 12. Ne1 Bd7 13. Nxd5 cxd5 14. Rxd5 e6
15. Rd3 Rc8 16. Qd1 Rc7 17. Bf4 e5 18. Rc1 Nc6 19. Bxc6 bxc6 20. Be3 Qc8 21.
Bc5 Re8 22. e4 f5 23. f3 Be6 24. Qa4 Qb8 25. b4 Qb5 26. Qc2 fxe4 27. fxe4 Rf7
28. a4 Qa6 29. Nf3 h6 30. Kg2 Qc8 31. Ng1 Bf8 32. Rd2 Rf6 33. Rf2 Rxf2+ 34.
Qxf2 Qa6 35. Qf6 Bg7 36. Qxg6 Bf7 37. Qf5 Qxa4 38. Rf1 Qa2+ 39. Rf2 Qc4 40. Nf3
a6 41. Nh4 Qe6 42. Qf3 Bg6 43. Nxg6 Qxg6 44. Qb3+ Kh7 45. Qd3 Ra8 46. Ra2 Qg4
47. h3 Qg6 48. g4 Kh8 49. Qe2 Kh7 50. Qf3 Kg8 51. Qf5 Qf7 52. Rxa6 Rxa6 53.
Qc8+ Bf8 54. Qxa6 Bxc5 55. bxc5 Qd7 56. Qa2+ Kg7 57. Qb2 Kg6 58. Qf2 Kg7 59.
Qe3 Kg6 60. Kg3 Qd1 61. h4 Kg7 62. g5 h5 63. Qf3 Qg1+ 64. Kh3 Qxc5 65. Qf6+ Kg8
66. Qg6+ Kf8 67. Qxh5 Qe3+ 68. Kg2 Qd2+ 69. Kf1 Qf4+ 70. Kg2 Qd2+ 71. Kf1 Qf4+
1/2-1/2

[Event "EU-ch (Men) 11th"]
[Site "Rijeka"]
[Date "2010.03.08"]
[Round "3.96"]
[White "Jankovic, Alojzije"]
[Black "Kanarek, Marcel"]
[Result "1/2-1/2"]
[WhiteElo "2569"]
[BlackElo "2388"]
[PlyCount "135"]
[EventDate "2010.03.06"]
[EventType "swiss"]
[EventRounds "11"]
[EventCountry "CRO"]
[SourceDate "2010.03.06"]

1. Nf3 Nf6 2. c4 g6 3. Nc3 c5 4. d4 cxd4 5. Nxd4 Nc6 6. e4 d6 7. Be2 Nxd4 8.
Qxd4 Bg7 9. Bg5 O-O 10. Qd2 Be6 11. Rc1 Qa5 12. f3 Rfc8 13. b3 a6 14. Na4 Qxd2+
15. Kxd2 Rc6 16. Nc3 Rcc8 17. g4 h6 18. Be3 Nd7 19. Nd5 Bxd5 20. exd5 a5 21. a4
Nc5 22. Kc2 Re8 23. Rhe1 e6 24. dxe6 Nxe6 25. Rcd1 Be5 26. Bg1 Nf4 27. Bf1 h5
28. gxh5 Nxh5 29. c5 dxc5 30. Rd7 Bd4 31. Rxe8+ Rxe8 32. Bxd4 cxd4 33. Bc4 Re3
34. Bxf7+ Kg7 35. Bd5+ Kf6 36. Bxb7 Re2+ 37. Kc1 Re7 38. Rd6+ Ke5 39. Rd5+ Ke6
40. Rb5 Nf4 41. Be4 Rh7 42. Rxa5 Rxh2 43. Rc5 Rh1+ 44. Kb2 d3 45. Rc1 Rh2+ 46.
Ka3 Ke5 47. a5 d2 48. Rd1 Nd5 49. Bxd5 Kxd5 50. Kb2 Rf2 51. Kc2 Rxf3 52. Rxd2+
Kc5 53. Rd3 Rf5 54. Kc3 Kb5 55. b4 Rh5 56. Rg3 Rf5 57. Rd3 Rh5 58. Re3 Rf5 59.
Re4 Rf3+ 60. Kd2 Ra3 61. Rg4 Rf3 62. Rd4 Rb3 63. Kc2 Rf3 64. Rd3 Rf4 65. Rb3 g5
66. Kd2 g4 67. Ke2 g3 68. Rxg3 1/2-1/2

[Event "EU-ch (Men) 11th"]
[Site "Rijeka"]
[Date "2010.03.08"]
[Round "3.97"]
[White "Firat, Burak"]
[Black "Gajewski, Grzegorz"]
[Result "1-0"]
[WhiteElo "2398"]
[BlackElo "2567"]
[PlyCount "101"]
[EventDate "2010.03.06"]
[EventType "swiss"]
[EventRounds "11"]
[EventCountry "CRO"]
[SourceDate "2010.03.06"]

1. e4 e5 2. Nf3 Nc6 3. Bb5 a6 4. Ba4 Nf6 5. O-O Be7 6. Re1 b5 7. Bb3 d6 8. c3
O-O 9. d4 Bg4 10. Be3 exd4 11. cxd4 d5 12. e5 Ne4 13. Nc3 Nxc3 14. bxc3 Qd7 15.
h3 Bh5 16. Bc2 Nd8 17. Qe2 Ne6 18. g4 Bg6 19. Bf5 c5 20. dxc5 Qc7 21. Red1 Rad8
22. a4 Bxc5 23. axb5 axb5 24. Rab1 Bxe3 25. Qxe3 Qc6 26. Nd4 Nxd4 27. cxd4 Rb8
28. Rdc1 Qb6 29. Rc5 b4 30. Rxd5 b3 31. Rc5 Rfd8 32. Rb2 Qa7 33. Kg2 Qa8+ 34.
Kh2 Qa1 35. Rxb3 Rxb3 36. Qxb3 Qxd4 37. Qe3 Qd1 38. Rc1 Qd5 39. Rc5 Qd1 40. Kg2
Re8 41. Qe4 Qd2 42. Qe3 Qd1 43. Qe4 Qd2 44. h4 Qd1 45. Rc3 h5 46. Bxg6 fxg6 47.
g5 Kh7 48. Rc6 Kh8 49. Rxg6 Rxe5 50. Qxe5 Qg4+ 51. Kh2 1-0

[Event "EU-ch (Men) 11th"]
[Site "Rijeka"]
[Date "2010.03.08"]
[Round "3.98"]
[White "Sanikidze, Tornike"]
[Black "Mazi, Leon"]
[Result "1-0"]
[WhiteElo "2566"]
[BlackElo "2375"]
[PlyCount "81"]
[EventDate "2010.03.06"]
[EventType "swiss"]
[EventRounds "11"]
[EventCountry "CRO"]
[SourceDate "2010.03.06"]

1. e4 c5 2. b3 e6 3. Bb2 d6 4. Bb5+ Bd7 5. Bxd7+ Nxd7 6. f4 Ngf6 7. Qf3 Qc7 8.
Ne2 d5 9. e5 Ng8 10. O-O Ne7 11. Ng3 g6 12. c4 d4 13. Na3 Nf5 14. Nb5 Qb6 15.
Nxf5 gxf5 16. a4 a5 17. Qh5 Be7 18. Kf2 Nf8 19. d3 Ng6 20. Ke2 Qc6 21. Rf2 Kd7
22. g3 Rag8 23. Kd2 Rg7 24. Kc2 Nf8 25. Bc1 Rhg8 26. Bd2 Bd8 27. Nd6 Ng6 28.
Raf1 Bc7 29. g4 Bxd6 30. exd6 Qxd6 31. gxf5 exf5 32. Qxf5+ Kc7 33. Bxa5+ Kb8
34. Bd2 f6 35. Re1 Re7 36. Rfe2 Rge8 37. Rxe7 Rxe7 38. Rxe7 Qxe7 39. Qd5 Qc7
40. b4 Nxf4 41. Qxc5 1-0

[Event "EU-ch (Men) 11th"]
[Site "Rijeka"]
[Date "2010.03.08"]
[Round "3.99"]
[White "Evdokimov, Alexander A"]
[Black "Slavin, Alexei"]
[Result "1-0"]
[WhiteElo "2564"]
[BlackElo "2368"]
[PlyCount "177"]
[EventDate "2010.03.06"]
[EventType "swiss"]
[EventRounds "11"]
[EventCountry "CRO"]
[SourceDate "2010.03.06"]

1. Nf3 c5 2. c4 g6 3. d4 cxd4 4. Nxd4 Bg7 5. e4 Nc6 6. Be3 Nf6 7. Nc3 O-O 8.
Be2 d6 9. O-O Bd7 10. Qd2 Nxd4 11. Bxd4 Bc6 12. Bd3 a5 13. Rfe1 Nd7 14. Bxg7
Kxg7 15. Re3 Nc5 16. Bc2 f6 17. Rh3 h5 18. Rd1 Bd7 19. Rg3 h4 20. Re3 Bg4 21.
f3 Be6 22. b3 Rh8 23. Qf2 Nd7 24. f4 Rh5 25. Rd2 Qf8 26. Nb5 Rc8 27. Nd4 Bg8
28. Rh3 e5 29. Nb5 exf4 30. Nxd6 Rc7 31. Bd1 Rh6 32. Nb5 Qb8 33. Qxf4 Ne5 34.
Nxc7 Qxc7 35. Qf2 g5 36. Qd4 Be6 37. Rc3 Rh8 38. c5 g4 39. a3 Qf7 40. Qe3 h3
41. g3 a4 42. b4 Bb3 43. Be2 Bc4 44. Bxc4 Nxc4 45. Rxc4 Qxc4 46. Qf4 Rh5 47.
Qxg4+ Rg5 48. Qd7+ Kg6 49. Qe8+ Kh6 50. Qh8+ Kg6 51. Qe8+ Kh6 52. Rf2 Qc1+ 53.
Rf1 Rxg3+ 54. hxg3 h2+ 55. Kxh2 Qxf1 56. Qh8+ Kg6 57. Qg8+ Kh6 58. Qd5 Qf2+ 59.
Kh3 Qf1+ 60. Kh4 Qf3 61. Qf5 Qxa3 62. Qxf6+ Kh7 63. Qf7+ Kh6 64. Qf4+ Kg6 65.
Qd6+ Kg7 66. Qc7+ Kf6 67. Qd6+ Kg7 68. Qe7+ Kg6 69. Qxb7 Qf3 70. Qc6+ Kg7 71.
Qd7+ Kh6 72. Qe6+ Kh7 73. c6 a3 74. c7 Qh1+ 75. Qh3 Qxh3+ 76. Kxh3 a2 77. c8=Q
a1=Q 78. Qf5+ Kh6 79. Qf3 Qb1 80. e5 Kh7 81. e6 Qe1 82. Qf5+ Kh6 83. b5 Qh1+
84. Kg4 Qd1+ 85. Qf3 Qd8 86. Qf4+ Kh7 87. Qf5+ Kh8 88. Qh5+ Kg8 89. Qg5+ 1-0

[Event "EU-ch (Men) 11th"]
[Site "Rijeka"]
[Date "2010.03.08"]
[Round "3.100"]
[White "Nijboer, Friso"]
[Black "Hoffmann, Paul"]
[Result "1/2-1/2"]
[WhiteElo "2562"]
[BlackElo "2361"]
[PlyCount "54"]
[EventDate "2010.03.06"]
[EventType "swiss"]
[EventRounds "11"]
[EventCountry "CRO"]
[SourceDate "2010.03.06"]

1. e4 c5 2. Nf3 d6 3. d4 cxd4 4. Nxd4 Nf6 5. Nc3 Nc6 6. Bg5 Qb6 7. Nb3 e6 8.
Qd2 Be7 9. Bxf6 gxf6 10. O-O-O a6 11. f4 Bd7 12. Be2 h5 13. Rhf1 O-O-O 14. Rf3
Kb8 15. Kb1 Rdg8 16. Bf1 h4 17. Qe1 Rh5 18. Rh3 f5 19. e5 d5 20. a3 Rhh8 21.
Ne2 Rg4 22. Rf3 Na7 23. Nbd4 Ba4 24. Nc3 Bc6 25. Nce2 Ba4 26. Nc3 Bc6 27. Nce2
Ba4 1/2-1/2

[Event "EU-ch (Men) 11th"]
[Site "Rijeka"]
[Date "2010.03.08"]
[Round "3.101"]
[White "Bajarani, Ulvi"]
[Black "Godena, Michele"]
[Result "1/2-1/2"]
[WhiteElo "2395"]
[BlackElo "2561"]
[PlyCount "40"]
[EventDate "2010.03.06"]
[EventType "swiss"]
[EventRounds "11"]
[EventCountry "CRO"]
[SourceDate "2010.03.06"]

1. g3 d5 2. Bg2 Nf6 3. Nf3 Nc6 4. d4 Bf5 5. O-O e6 6. c4 Be7 7. cxd5 exd5 8.
Nc3 O-O 9. Ne5 Bd6 10. Bf4 Qe8 11. Nxc6 Qxc6 12. Be5 Ne4 13. Rc1 Bxe5 14. dxe5
Qe6 15. Nxe4 dxe4 16. Rxc7 Qxa2 17. Rxb7 Rfb8 18. Rxb8+ Rxb8 19. Qd4 Qxb2 20.
Qxa7 Qxe5 1/2-1/2

[Event "EU-ch (Men) 11th"]
[Site "Rijeka"]
[Date "2010.03.08"]
[Round "3.102"]
[White "Maslak, Konstantin"]
[Black "Valsecchi, Alessio"]
[Result "1-0"]
[WhiteElo "2560"]
[BlackElo "2360"]
[PlyCount "63"]
[EventDate "2010.03.06"]
[EventType "swiss"]
[EventRounds "11"]
[EventCountry "CRO"]
[SourceDate "2010.03.06"]

1. c4 Nf6 2. Nc3 g6 3. e4 d6 4. d4 Bg7 5. Nf3 O-O 6. h3 c5 7. d5 e6 8. Bd3 exd5
9. exd5 a6 10. a4 Re8+ 11. Be3 Nbd7 12. O-O Rxe3 13. fxe3 Qe7 14. Qd2 Nh5 15.
a5 Ng3 16. Rf2 h5 17. Ne2 h4 18. e4 Ne5 19. Nxe5 Bxe5 20. Rf3 g5 21. Nxg3 hxg3
22. Raf1 g4 23. Rxf7 Qxf7 24. Rxf7 Kxf7 25. Qh6 gxh3 26. gxh3 Bxh3 27. Qh7+ Kf6
28. Qxh3 Rf8 29. Be2 Rf7 30. Bh5 Rg7 31. Qh4+ Rg5 32. Kg2 1-0

[Event "EU-ch (Men) 11th"]
[Site "Rijeka"]
[Date "2010.03.08"]
[Round "3.103"]
[White "Manea, Alexandru"]
[Black "Medvegy, Zoltan"]
[Result "1/2-1/2"]
[WhiteElo "2392"]
[BlackElo "2556"]
[PlyCount "98"]
[EventDate "2010.03.06"]
[EventType "swiss"]
[EventRounds "11"]
[EventCountry "CRO"]
[SourceDate "2010.03.06"]

1. e4 g6 2. d4 Bg7 3. Nc3 d6 4. Nf3 Nf6 5. Be3 O-O 6. Qd2 c6 7. O-O-O b5 8. Bd3
Bg4 9. Bh6 e5 10. Ne2 Nbd7 11. h3 Bxf3 12. gxf3 Nh5 13. Bxg7 Kxg7 14. dxe5 Nxe5
15. f4 Nxd3+ 16. Qxd3 Qh4 17. Qe3 Rad8 18. Rhg1 Rfe8 19. Ng3 Nxg3 20. fxg3 Qf6
21. Rde1 Re7 22. g4 Rde8 23. g5 Qe6 24. b3 Kg8 25. Qd3 a5 26. h4 a4 27. h5 a3
28. Qc3 gxh5 29. Qxc6 d5 30. Qxb5 dxe4 31. f5 Qd6 32. g6 Qd4 33. gxf7+ Kxf7 34.
Qc4+ Qxc4 35. bxc4 Kf6 36. Rh1 Kg5 37. Rh3 e3 38. f6 Kxf6 39. Rxh5 e2 40. Ra5
Re4 41. Rxa3 Rxc4 42. Kd2 Rd4+ 43. Rd3 Rxd3+ 44. Kxd3 Ra8 45. Rxe2 Rxa2 46. Rh2
Kg6 47. Rh1 h5 48. c4 Kg5 49. c5 h4 1/2-1/2

[Event "EU-ch (Men) 11th"]
[Site "Rijeka"]
[Date "2010.03.08"]
[Round "3.104"]
[White "Shimanov, Alexandr"]
[Black "Pankov, German"]
[Result "0-1"]
[WhiteElo "2553"]
[BlackElo "2353"]
[PlyCount "116"]
[EventDate "2010.03.06"]
[EventType "swiss"]
[EventRounds "11"]
[EventCountry "CRO"]
[SourceDate "2010.03.06"]

1. d4 Nf6 2. Nf3 c5 3. d5 e6 4. Nc3 Nxd5 5. Nxd5 exd5 6. Qxd5 Nc6 7. e4 Be7 8.
Bc4 O-O 9. c3 d6 10. Qh5 Be6 11. Bxe6 fxe6 12. h4 Qe8 13. Qg4 Qf7 14. Be3 d5
15. h5 Rad8 16. Rd1 d4 17. cxd4 cxd4 18. Nxd4 Bb4+ 19. Kf1 Bc5 20. e5 Bxd4 21.
Rxd4 Nxd4 22. Bxd4 Rd5 23. Rh3 Rfd8 24. Bc3 Rd1+ 25. Ke2 Qd7 26. Re3 Rg1 27.
Kf3 Qd1+ 28. Re2 Qd3+ 29. Re3 Qd1+ 30. Re2 Qd3+ 31. Re3 Qd5+ 32. Re4 Rf8+ 33.
Kg3 Rf5 34. f3 Rd1 35. h6 g6 36. Rc4 Qd8 37. Qe4 Rd5 38. Qc2 Qg5+ 39. Kf2 Qxh6
40. Rc8+ Rf8 41. Rc7 Qh4+ 42. Ke3 b5 43. a3 a5 44. Qe4 Qg3 45. Qg4 Rxe5+ 46.
Kd3 Rd5+ 47. Ke4 Qxc7 48. Qxe6+ Qf7 49. Qxd5 Qxd5+ 50. Kxd5 a4 51. Be5 Rc8 52.
Ke6 Rc6+ 53. Kd5 Rc2 54. g3 Kf7 55. Bc3 Rg2 56. Be5 Rf2 57. Ke4 Re2+ 58. Kd5
Re3 0-1

[Event "EU-ch (Men) 11th"]
[Site "Rijeka"]
[Date "2010.03.08"]
[Round "3.106"]
[White "Damljanovic, Branko"]
[Black "Szamoskozi, Gabor"]
[Result "1/2-1/2"]
[WhiteElo "2550"]
[BlackElo "2347"]
[PlyCount "112"]
[EventDate "2010.03.06"]
[EventType "swiss"]
[EventRounds "11"]
[EventCountry "CRO"]
[SourceDate "2010.03.06"]

1. c4 c5 2. Nf3 Nc6 3. Nc3 Nd4 4. e3 Nxf3+ 5. Qxf3 g6 6. d4 Bg7 7. d5 d6 8. e4
Nf6 9. Qg3 O-O 10. Be2 a6 11. a4 Re8 12. O-O e6 13. Bf4 exd5 14. exd5 Nd7 15.
Rae1 Ne5 16. Bg5 f6 17. Bd2 f5 18. b3 Bd7 19. h3 Rb8 20. f4 Nf7 21. Bd3 Qf6 22.
Kh1 Rxe1 23. Rxe1 Re8 24. a5 Rxe1+ 25. Qxe1 Kf8 26. Bc2 Qe7 27. Qxe7+ Kxe7 28.
g3 Nh6 29. Ne2 Bb2 30. Kg2 Kd8 31. Ng1 Kc7 32. Nf3 Nf7 33. Nh2 Nh6 34. Kf3 b5
35. axb6+ Kxb6 36. g4 a5 37. Be1 Bd4 38. Kg3 Bg7 39. Bd1 Ng8 40. Nf3 Nf6 41.
Ng5 h5 42. Ne6 Ne4+ 43. Kf3 hxg4+ 44. hxg4 Bc3 45. Bxc3 Nxc3 46. gxf5 gxf5 47.
Bc2 a4 48. bxa4 Bxa4 49. Bxf5 Bb3 50. Bd3 Nxd5 51. f5 Nf6 52. Kf4 Nd7 53. Be2
d5 54. cxd5 Bxd5 55. Bd1 Bxe6 56. fxe6 Nf8 1/2-1/2

[Event "EU-ch (Men) 11th"]
[Site "Rijeka"]
[Date "2010.03.08"]
[Round "3.108"]
[White "Neverov, Valeriy"]
[Black "Schiendorfer, Emanuel"]
[Result "1/2-1/2"]
[WhiteElo "2542"]
[BlackElo "2340"]
[PlyCount "106"]
[EventDate "2010.03.06"]
[EventType "swiss"]
[EventRounds "11"]
[EventCountry "CRO"]
[SourceDate "2010.03.06"]

1. d4 d5 2. c4 e6 3. Nc3 Nf6 4. cxd5 exd5 5. Bg5 Be7 6. e3 c6 7. Bd3 Nbd7 8.
Nge2 O-O 9. O-O Re8 10. a3 Ne4 11. Bf4 Ndf6 12. Nxe4 dxe4 13. Bc4 Nd5 14. Bg3
Be6 15. Qc2 Bd6 16. Rfc1 Nf6 17. b4 a6 18. Qb3 h5 19. Bxd6 Qxd6 20. Bxe6 Qxe6
21. Qxe6 Rxe6 22. Nf4 Ree8 23. Rc5 g6 24. a4 Nd7 25. Rcc1 Red8 26. h4 Nb6 27.
Rc5 Nd7 28. Rc2 Nb6 29. Kh2 Kf8 30. Rc5 Nd7 31. Rcc1 Nb6 32. Kg3 Ke7 33. Rc5
Nd7 34. Rcc1 Kd6 35. Rab1 Nb6 36. a5 Nd7 37. f3 Nf6 38. Kf2 Re8 39. Rb3 Re7 40.
Nh3 Nd5 41. Ng5 f5 42. fxe4 fxe4 43. Ke2 Rf8 44. Rg1 Rf5 45. g4 hxg4 46. Rxg4
Nf6 47. Rg2 Nd5 48. Rg4 Nf6 49. Rg3 Nd5 50. Nh3 Rg7 51. Nf2 Nf6 52. Rc3 Rh5 53.
Rc5 Rxh4 1/2-1/2